Regulatory governance in infrastructure industries: assessment and measurement of Brazilian regulators (Record no. 55973)

MARC details
000 -LEADER
fixed length control field 00938nam a2200253 a 4500
008 - FIXED-LENGTH DATA ELEMENTS--GENERAL INFORMATION
fixed length control field 060616s2006 ||||||||||||||||| || u
020 ## - INTERNATIONAL STANDARD BOOK NUMBER
International Standard Book Number 9780821366097
050 ## - LIBRARY OF CONGRESS CALL NUMBER
Classification number IBRD(08)TPO/3
100 ## - MAIN ENTRY--PERSONAL NAME
Personal name Mueller, Bernardo
245 10 - TITLE STATEMENT
Title Regulatory governance in infrastructure industries: assessment and measurement of Brazilian regulators
Statement of responsibility, etc. by The World Bank
260 ## - PUBLICATION, DISTRIBUTION, ETC.
Place of publication, distribution, etc. Washington, D.C.:
Name of publisher, distributor, etc. World Bank
Date of publication, distribution, etc. 2006
300 ## - PHYSICAL DESCRIPTION
Extent xii, 77p.: ill.
350 ## - PRICE (NR) (BK AM CF MU VM SE) [OBSOLETE]
Price 0.00
490 ## - SERIES STATEMENT
Series statement Trends and policy options
490 ## - SERIES STATEMENT
Volume/sequential designation No. 3
650 ## - SUBJECT ADDED ENTRY--TOPICAL TERM
Topical term or geographic name entry element INFRASTRUCTURE (ECONOMICS)--BRAZIL
650 ## - SUBJECT ADDED ENTRY--TOPICAL TERM
Topical term or geographic name entry element PROBLEMS--POLICY AND PLANNING--INFRASTRUCTURE PROJECTS
650 ## - SUBJECT ADDED ENTRY--TOPICAL TERM
Topical term or geographic name entry element GOVERNANCE
700 ## - ADDED ENTRY--PERSONAL NAME
Personal name Pereira, Carlos
700 ## - ADDED ENTRY--PERSONAL NAME
Personal name Corea, Paulo
700 ## - ADDED ENTRY--PERSONAL NAME
Personal name Melo, Marcus
710 ## - ADDED ENTRY--CORPORATE NAME
Corporate name or jurisdiction name as entry element World Bank
995 ## - RECOMMENDATION 995 [LOCAL, UNIMARC FRANCE]
-- 0.00
-- CBU-MAIN LIBRARY (Kitwe)
-- 1
-- 0.00
-- 1
-- AVAILABLE
-- Jun 16, 2006
-- International Publications
Holdings
Withdrawn status Lost status Source of classification or shelving scheme Damaged status Not for loan Home library Current library Shelving location Date acquired Total Checkouts Full call number Barcode Date last seen Price effective from Koha item type
          CBU-MAIN LIBRARY, KITWE. CBU-MAIN LIBRARY, KITWE.   11/30/2022   IBRD(08)TPO/3 44268 11/30/2022 11/30/2022 MONOGRAPH